| Tag |
First Indicator |
Second Indicator |
Subfields |
| LEADER |
00000cam a2200000 4500 |
| 001 |
in00000066034 |
| 005 |
20151008051239.0 |
| 008 |
751202r1946 enk b 00010 eng |
| 010 |
|
|
|a 47022440
|
| 035 |
|
|
|a (OCoLC)01870433
|
| 035 |
|
|
|9 AAG6736AM
|
| 040 |
|
|
|a DLC
|c FQG
|d TXA
|d UtOrBLW
|
| 049 |
|
|
|a TXAM
|c [160243]
|
| 050 |
0 |
0 |
|a Z661.A2
|b R6
|
| 082 |
0 |
|
|a 351.751
|
| 092 |
|
|
|a 351.751
|b R846n
|
| 100 |
1 |
|
|a Rothenberg, Ignaz.
|
| 245 |
1 |
4 |
|a The newspaper ;
|b a study in the workings of the daily press and its laws /
|c [by] Ignaz Rothenberg.
|
| 264 |
|
1 |
|a London,
|a New York [etc.] :
|b Staples press limited,
|c [1946]
|
| 300 |
|
|
|a xvi, 351 pages ;
|c 22 cm.
|
| 336 |
|
|
|a text
|b txt
|2 rdacontent
|
| 337 |
|
|
|a unmediated
|b n
|2 rdamedia
|
| 338 |
|
|
|a volume
|b nc
|2 rdacarrier
|
| 500 |
|
|
|a "First published 1946."
|
| 504 |
|
|
|a "Bibliographical note": pages vii.
|
| 650 |
|
0 |
|a Press law.
|
| 999 |
|
|
|a MARS
|
| 999 |
f |
f |
|s 8f118eac-fb61-3082-afcc-dec6fe95aac5
|i ace70872-85b7-3d68-8ddf-c1dc7b01f371
|t 0
|
| 952 |
f |
f |
|p ric
|a Texas A&M University
|b Rellis Campus
|c Joint Library Facility
|d Remote Storage
|t 0
|e Z661.A2 R6
|h Library of Congress classification
|i unmediated -- volume
|m A14800795351
|
| 998 |
f |
f |
|a Z661.A2 R6
|t 0
|l Remote Storage
|